000 00663nam a2200277Ia 4500
005 20260324141932.0
008 008 260324s9999 xx 000 0 eng d
020 _a9781315844978
037 _aEBOOK
040 _aCRL
040 _beng
040 _cCRL
041 _2eng
041 _aeng
084 _qCRL
100 _aStefan Slembrouck; Srikant Sarangi
_91210064
245 0 _aLanguage, Bureaucracy and Social Control
260 _bTaylor and Francis
260 _c1996
365 _a
365 _b255
856 _uhttp://www.taylorfrancis.com/books/9781315844978
942 _cEBOOK
999 _c1813687
_d1813687